| 000 | 00658nam a22002177a 4500 | ||
|---|---|---|---|
| 005 | 20170124105912.0 | ||
| 010 | _aB-219996 | ||
| 020 |
_a8170003581400 _c375.00 |
||
| 035 | _aB-219996 | ||
| 037 | _bCen Lib/Ret | ||
| 040 |
_aDPL _bEN |
||
| 082 |
_a020 _bSIN |
||
| 100 |
_aSinha, S.C. _9850 |
||
| 245 |
_aLibrary building and furniture : _cby S. C. Sinha _bdesign and planning |
||
| 260 |
_aNew Delhi _bEss Ess Publications _c2004 |
||
| 270 |
_a4837/24,Ansari road,Dariya Ganj _bNew Delhi _e110002 |
||
| 300 |
_a162p. _c22cm(Hb) |
||
| 650 |
_aLibrary Science _9105436 |
||
| 650 |
_aLibrary Building _9852 |
||
| 942 |
_2ddc _cEN _h022.3 _mSIN |
||
| 999 |
_c122572 _d122572 |
||